Personnage Jujutsu Kaisen - Statistics

General Stats
  • This quiz has been taken 96 times
  • The average score is 33 of 56
Answer Stats
# Personnage % Correct
2 Megumi Fushiguro
100%
4 Satoru Gojo
100%
1 Yuji Itadori
100%
3 Nobara Kugisaki
99%
8 Maki Zenin
96%
33 Suguru Geto
96%
9 Yuta Okkotsu
96%
41 Jogo
94%
40 Mahito
94%
6 Panda
94%
7 Toge Inumaki
94%
5 Sukuna
93%
11 Kento Nanami
91%
20 Mai Zenin
91%
23 Aoi Todo
90%
34 Toji Fushiguro
83%
44 Choso
81%
39 Kenjaku
80%
42 Hanami
74%
32 Naoya Zenin
74%
43 Dagon
72%
10 Kinji Hakari
72%
21 Kasumi Miwa
70%
22 Kokichi Muta
70%
55 Rika Orimoto
70%
28 Yuki Tsukumo
70%
13 Masamichi Yaga
67%
27 Mei Mei
67%
18 Utahime Iori
65%
30 Naobito Zenin
62%
24 Noritoshi Kamo
61%
54 Noritoshi Kamo
61%
25 Momo Nishimiya
57%
29 Ui Ui
55%
47 Uraume
51%
56 Junpei Yoshino
49%
31 Ogi Zenin
45%
17 Yoshinobu Gakuganji
42%
51 Riko Amanai
39%
53 Tengen
38%
14 Kiyotaka Ijichi
36%
16 Atsuya Kusakabe
35%
38 Miguel
33%
45 Eso
32%
26 Takuma Ino
29%
46 Kechizu
26%
15 Akari Nitta
22%
19 Arata Nitta
20%
49 Haruta Shigemo
17%
37 Larue
17%
52 Misato Kuroi
16%
12 Shoko Ieiri
16%
48 Juzo Kumiya
12%
35 Manami Suda
10%
50 Jiro Awasaka
9%
36 Toshihisa Negi
6%
No matching quizzes found
Score Distribution
Percent of People with Each Score
Percentile by Number Answered
Your Score History
You have not taken this quiz